000 01052nam a2200277 i 4500
001 105322
003 ES-MaACL
005 20231005140515.0
007 t|
008 060623s1968 sp ||||1| spa d
080 _a738 Vázquez, Miguel (083.82)
100 1 _aVázquez, Miguel.
_9113381
245 1 0 _aMiguel Vázquez
_b: [exposición, Sala del Prado del Ateneo de Madrid, octubre de 1968] /
_c[texto: Manuel Arce].
260 _a[Madrid] :
_bPublicaciones Españolas,
_c[1968]
300 _a[16] p. :
_bil. ;
_c23 cm.
490 1 _aCuadernos de arte. Serie divulgación ;
_v111
600 1 4 _aVázquez, Miguel-
_vExposiciones.
_9113382
610 2 7 _aAteneo de Madrid-
_vExposiciones-
_y1960-1969.
_91920
655 7 _2tgfbne
_9193628
_aCatálogos de exposiciones
700 1 _aArce, Manuel.
_922456
710 2 _aAteneo de Madrid.
_bSala del Prado.
_91965
830 0 _aCuadernos de arte. Serie divulgación ;
_v111
_9184876
852 _aES-MaACL
_j2205-F-29
_9109265
_bR.137772
_cDEPOF
942 _2udc
_cFOLLETOS
999 _c105322
_d105322